000 00600nam a2200181Ia 4500
008 090124s9999 xx 000 0 und d
082 _b28421
100 _aटिळक अशोक देवदत्त
245 _a शांतिसदन
250 _a3
260 _b"पॉप्युलर प्रकाशन ,बाँम्बे"
_c1989
300 _a64
600 _aटिळक अशोक देवदत्त
630 _a शांतिसदन
700 _aटिळक अशोक देवदत्त
730 _a शांतिसदन
942 _cBOOK
999 _c95378
_d95378